[Event "RUS-ch Men Rapid 2019"]
[Site "Sochi"]
[Date "2019.10.16"]
[Round "10.6"]
[White "Drygalov, Andrey"]
[Black "Bocharov, Dmitry"]
[Result "0-1"]
[WhiteElo "2484"]
[BlackElo "2519"]
[Annotator "ChessBase"]
[PlyCount "98"]
[EventDate "2019.10.15"]
[EventType "swiss"]
[EventCountry "RUS"]
[SourceTitle "playchess.com"]
[Source "ChessBase"]
[SourceQuality "1"]
[TimeControl "900+10"]

1. e4 {[%emt 0:00:00]} c5 {[%emt 0:00:00]} 2. Nf3 {[%emt 0:00:00]} e6 3. d4 cxd4 {[%emt 0:00:03]} 4. Nxd4 {[%emt 0:00:00]} Nc6 {[%emt 0:00:01]} 5. Nc3 {[%emt 0:00:00]} Qc7 {[%emt 0:00:03]} 6. g3 {[%emt 0:00:00]} Nf6 {[%emt 0:00:18]} 7. Bg2 {[%emt 0:00:00]} a6 {[%emt 0:00:04]} 8. O-O {[%emt 0:00:01]} Bc5 {[%emt 0:00:39]} 9. Nxc6 {[%emt 0:00:03]} dxc6 {[%emt 0:00:02]} 10. Na4 {[%emt 0:00:07]} Ba7 {[%emt 0:00:03]} 11. c4 {[%emt 0:00:01]} O-O {[%emt 0:00:47]} 12. c5 {[%emt 0:00:37]} e5 {[%emt 0:00:04]} 13. Bg5 {[%emt 0:00:34]} Qe7 {[%emt 0:00:04]} 14. Qc2 {[%emt 0:00:23]} Be6 {[%emt 0:01:59]} 15. f4 {[%emt 0:03:24]} h6 {[%emt 0:00:02]} 16. Bh4 {[%emt 0:00:01]} exf4 {[%emt 0:00:45]} 17. gxf4 {[%emt 0:00:01]} g5 {[%emt 0:00:05]} 18. fxg5 {[%emt 0:00:20]} Nd7 {[%emt 0:00:02]} 19. b4 {[%emt 0:02:26]} hxg5 {[%emt 0:00:07]} 20. Bg3 {[%emt 0:00:05]} Bb8 {[%emt 0:00:04]} 21. Bxb8 Raxb8 {[%emt 0:00:02]} 22. Qc3 {[%emt 0:02:55]} f6 {[%emt 0:00:25]} 23. a3 {[%emt 0:00:01]} Ne5 {[%emt 0:00:10]} 24. Rad1 {[%emt 0:00:19]} Rbd8 {[%emt 0:01:33]} 25. Nb2 {[%emt 0:00:31]} Bg4 {[%emt 0:00:42]} 26. Rde1 {[%emt 0:01:24]} Kg7 {[%emt 0:01:10]} 27. Rf2 {[%emt 0:00:50]} Qd7 {[%emt 0:02:53]} 28. Qg3 {[%emt 0:01:06]} Qd4 {[%emt 0:00:22]} 29. h3 {[%emt 0:00:47]} Bh5 {[%emt 0:00:09]} 30. Re3 {[%emt 0:00:49]} a5 {[%emt 0:00:40]} 31. Rb3 {[%emt 0:01:02]} Bf7 {[%emt 0:00:08]} 32. Re3 {[%emt 0:00:13]} Be6 {[%emt 0:00:16]} 33. bxa5 {[%emt 0:00:19]} Qxc5 {[%emt 0:00:03]} 34. Nd3 {[%emt 0:00:20]} Nxd3 {[%emt 0:00:45]} 35. Rxd3 {[%emt 0:00:01]} Qxa5 {[%emt 0:01:05]} 36. Rdf3 {[%emt 0:00:00]} Qe5 {[%emt 0:00:09]} 37. h4 {[%emt 0:00:42]} Qxg3 {[%emt 0:00:48]} 38. Rxg3 {[%emt 0:00:01]} Rd1+ {[%emt 0:00:02]} 39. Bf1 {[%emt 0:00:02]} Bc4 {[%emt 0:01:17]} 40. hxg5 {[%emt 0:00:16]} fxg5 {[%emt 0:00:18]} 41. Rxg5+ {[%emt 0:01:41]} Kh6 {[%emt 0:00:03]} 42. Rgg2 {[%emt 0:00:20]} Rxf1+ {[%emt 0:00:08]} 43. Rxf1 {[%emt 0:00:01]} Rxf1+ {[%emt 0:00:02]} 44. Kh2 {[%emt 0:00:01]} Re1 {[%emt 0:00:06]} 45. Rg4 {[%emt 0:00:05]} Be6 {[%emt 0:00:06]} 46. Rh4+ {[%emt 0:00:02]} Kg5 {[%emt 0:00:01]} 47. Rh7 {[%emt 0:00:01]} Rxe4 {[%emt 0:00:35]} 48. Rxb7 {[%emt 0:00:02]} Ra4 {[%emt 0:00:10]} 49. Rb6 {[%emt 0:00:14]} Bd5 {[%emt 0:00:06]} 0-1

[Event "RUS-ch Men Rapid 2019"]
[Site "Sochi"]
[Date "2019.10.16"]
[Round "10.8"]
[White "Gaydym, Arseniy"]
[Black "Lysyj, Igor"]
[Result "0-1"]
[WhiteElo "2139"]
[BlackElo "2596"]
[Annotator "ChessBase"]
[PlyCount "116"]
[EventDate "2019.10.15"]
[EventType "swiss"]
[EventCountry "RUS"]
[SourceTitle "playchess.com"]
[Source "ChessBase"]
[SourceQuality "1"]
[TimeControl "900+10"]

1. e4 {[%emt 0:00:08]} e5 {[%emt 0:00:00]} 2. Nf3 {[%emt 0:00:02]} Nc6 {[%emt 0:00:00]} 3. Bb5 {[%emt 0:00:02]} a6 {[%emt 0:00:00]} 4. Ba4 {[%emt 0:00:11]} Nf6 {[%emt 0:00:01]} 5. d3 {[%emt 0:00:02]} Bc5 {[%emt 0:00:07]} 6. c3 {[%emt 0:00:08]} d6 {[%emt 0:00:16]} 7. O-O {[%emt 0:00:07]} O-O {[%emt 0:00:06]} 8. Re1 {[%emt 0:00:39]} Ba7 {[%emt 0:00:06]} 9. Nbd2 {[%emt 0:00:04]} Ng4 {[%emt 0:00:03]} 10. Rf1 {[%emt 0:01:10]} f5 {[%emt 0:00:02]} 11. h3 {[%emt 0:01:25]} Nf6 {[%emt 0:01:04]} 12. Bb3+ {[%emt 0:00:27]} Kh8 {[%emt 0:00:02]} 13. Re1 {[%emt 0:03:06]} fxe4 {[%emt 0:01:01]} 14. Nxe4 {[%emt 0:01:00]} Nxe4 {[%emt 0:00:04]} 15. dxe4 {[%emt 0:01:08]} Qf6 {[%emt 0:01:03]} 16. Kh2 {[%emt 0:00:25]} h6 {[%emt 0:01:34]} 17. Be3 {[%emt 0:00:25]} Bxe3 {[%emt 0:00:15]} 18. fxe3 {[%emt 0:00:26]} Bd7 {[%emt 0:02:17]} 19. Rf1 {[%emt 0:00:18]} Qe7 {[%emt 0:00:03]} 20. Qe1 {[%emt 0:01:06]} g5 {[%emt 0:00:37]} 21. a3 {[%emt 0:01:36]} Rf6 {[%emt 0:00:22]} 22. Qg3 {[%emt 0:00:36]} Raf8 {[%emt 0:00:19]} 23. Rf2 {[%emt 0:00:59]} Qg7 {[%emt 0:03:05]} 24. Raf1 {[%emt 0:00:42]} Ne7 {[%emt 0:00:13]} 25. Nd2 {[%emt 0:01:48]} Ng6 {[%emt 0:00:18]} 26. Rxf6 {[%emt 0:00:34]} Rxf6 {[%emt 0:00:01]} 27. Rxf6 {[%emt 0:00:02]} Qxf6 {[%emt 0:00:01]} 28. Qf3 {[%emt 0:00:05]} Kg7 {[%emt 0:00:18]} 29. Kg1 {[%emt 0:00:15]} Qxf3 {[%emt 0:01:01]} 30. Nxf3 {[%emt 0:00:02]} g4 {[%emt 0:00:10]} 31. hxg4 {[%emt 0:00:24]} Bxg4 {[%emt 0:00:01]} 32. Kf2 {[%emt 0:00:02]} Kf6 {[%emt 0:00:16]} 33. Kg3 {[%emt 0:00:37]} Bd7 {[%emt 0:00:07]} 34. Bd5 {[%emt 0:00:15]} b6 {[%emt 0:00:08]} 35. Bc4 {[%emt 0:00:03]} a5 {[%emt 0:00:11]} 36. Nh4 {[%emt 0:00:25]} Nf8 {[%emt 0:01:13]} 37. Be2 {[%emt 0:00:05]} Nh7 {[%emt 0:01:22]} 38. Bg4 {[%emt 0:00:15]} Bc6 {[%emt 0:01:09]} 39. Bf3 Ng5 {[%emt 0:00:25]} 40. Nf5 {[%emt 0:00:16]} h5 {[%emt 0:00:23]} 41. Kh4 {[%emt 0:00:17]} Bxe4 {[%emt 0:00:15]} 42. Bxe4 {[%emt 0:00:12]} Nxe4 {[%emt 0:00:02]} 43. Nh6 {[%emt 0:00:02]} Kg6 44. Ng8 Kf7 {[%emt 0:01:40]} 45. Nh6+ {[%emt 0:00:13]} Kg6 {[%emt 0:00:02]} 46. Ng8 {[%emt 0:00:04]} Nd2 {[%emt 0:00:20]} 47. Ne7+ {[%emt 0:00:04]} Kh6 {[%emt 0:00:01]} 48. Nf5+ {[%emt 0:00:05]} Kg6 {[%emt 0:00:02]} 49. Ne7+ {[%emt 0:00:00]} Kf7 {[%emt 0:00:28]} 50. Nd5 {[%emt 0:00:11]} Nc4 {[%emt 0:00:01]} 51. b3 {[%emt 0:00:19]} Nxa3 {[%emt 0:00:03]} 52. Kxh5 {[%emt 0:00:05]} Nc2 {[%emt 0:00:14]} 53. g4 {[%emt 0:00:23]} b5 {[%emt 0:00:32]} 54. Kh6 {[%emt 0:00:18]} c6 {[%emt 0:00:08]} 55. Nb6 {[%emt 0:00:25]} Nxe3 {[%emt 0:00:03]} 56. g5 {[%emt 0:00:02]} Nf5+ {[%emt 0:00:03]} 57. Kh7 {[%emt 0:00:01]} e4 {[%emt 0:00:07]} 58. g6+ {[%emt 0:00:14]} Ke6 {[%emt 0:00:04]} 0-1

[Event "RUS-ch Men Rapid 2019"]
[Site "Sochi"]
[Date "2019.10.16"]
[Round "10.9"]
[White "Sakaev, Konstantin"]
[Black "Glek, Igor"]
[Result "1/2-1/2"]
[WhiteElo "2595"]
[BlackElo "2467"]
[Annotator "ChessBase"]
[PlyCount "41"]
[EventDate "2019.10.15"]
[EventType "swiss"]
[EventCountry "RUS"]
[SourceTitle "playchess.com"]
[Source "ChessBase"]
[SourceQuality "1"]
[TimeControl "900+10"]

1. d4 {[%emt 0:00:00]} e6 {[%emt 0:00:00]} 2. c4 {[%emt 0:00:00]} Bb4+ {[%emt 0:00:00]} 3. Nd2 {[%emt 0:00:08]} d5 {[%emt 0:00:15]} 4. Ngf3 {[%emt 0:00:30]} Nf6 {[%emt 0:00:14]} 5. Qa4+ {[%emt 0:00:22]} Nc6 {[%emt 0:00:02]} 6. a3 {[%emt 0:00:01]} Bxd2+ {[%emt 0:01:40]} 7. Bxd2 {[%emt 0:00:02]} Ne4 {[%emt 0:00:01]} 8. Rd1 {[%emt 0:00:40]} O-O {[%emt 0:00:08]} 9. g3 {[%emt 0:00:52]} Nd6 {[%emt 0:02:56]} 10. c5 {[%emt 0:00:37]} Ne4 {[%emt 0:00:08]} 11. Bg2 {[%emt 0:00:56]} Bd7 {[%emt 0:00:38]} 12. Qc2 {[%emt 0:00:56]} a5 {[%emt 0:00:04]} 13. O-O {[%emt 0:00:37]} a4 {[%emt 0:00:03]} 14. Bf4 {[%emt 0:01:19]} f5 {[%emt 0:02:54]} 15. Ne1 {[%emt 0:02:59]} Be8 {[%emt 0:00:54]} 16. f3 {[%emt 0:00:05]} Nf6 {[%emt 0:00:38]} 17. Qc3 {[%emt 0:00:24]} h6 {[%emt 0:02:05]} 18. Nd3 {[%emt 0:00:04]} g5 {[%emt 0:00:05]} 19. Bc1 {[%emt 0:00:56]} Qe7 {[%emt 0:00:03]} 20. Kf2 {[%emt 0:01:20]} Qg7 {[%emt 0:00:43]} 21. Kg1 1/2-1/2

[Event "RUS-ch Men Rapid 2019"]
[Site "Sochi"]
[Date "2019.10.16"]
[Round "10.10"]
[White "Yudin, Sergei"]
[Black "Golubov, Saveliy"]
[Result "0-1"]
[WhiteElo "2497"]
[BlackElo "2469"]
[Annotator "TA"]
[PlyCount "156"]
[EventDate "2019.10.15"]
[EventType "swiss"]
[EventCountry "RUS"]
[SourceTitle "playchess.com"]
[Source "ChessBase"]
[SourceQuality "1"]

{[%evp 15,156,16,41,26,27,11,14,14,24,16,27,16,13,20,16,8,18,20,14,10,25,27,32,12,32,-10,0,-9,-6,-53,-36,-44,-39,-43,-57,-56,-54,-57,-38,-64,-58,-412,-41,-47,-35,-74,-25,-27,-24,-27,-33,-31,-29,-39,-39,-63,-58,-60,-60,-64,-33,-33,-33,-34,-27,-30,-22,-22,-22,-22,-21,-34,-34,-37,-8,-8,-8,-8,-8,-101,-101,-101,-101,-100,-100,-100,-100,-100,-100,-100,-34,-34,-35,-45,-45,-45,-45,-45,-46,-47,-23,-34,0,-19,-14,-16,-16,-37,-19,-24,-31,-31,-31,-109,-109,-316,-316,-313,-313,-437,-432,-447,-420,-963,-797,-805,0,-447,-447,-444,-437,-402,-399,-1121,-995,-5937,-2803,-1756,-1752,-1447,-1421,-1401,-1401]} 1. e4 g6 2. d4 Bg7 3. Nf3 d6 4. c3 Nf6 5. Bd3 O-O 6. O-O Nc6 7. Re1 e5 8. Nbd2 Nh5 {[%cal Re5d4]} 9. Nb3 {B07: Pirc Defence: Miscellaneous Systems} (9. Nc4 Bg4 10. dxe5 Nxe5 11. Ncxe5 dxe5 12. h3 Bd7 13. Bc4 Qe7 14. Bg5 Bf6 15. Be3 b6 16. a4 a5 {1-0 (38) So,W (2815)-Giri,A (2785) chess.com INT 2017}) 9... Bg4 10. Be3 a5 11. a4 {The position is equal.} exd4 $146 ({Predecessor:} 11... Qf6 12. h3 Bxf3 13. Qxf3 Qxf3 14. gxf3 f5 15. d5 Ne7 16. Nc1 Nf4 {0-1 (47) Gillot,F (1975)-Sclacmender,J (2245) Charleroi 2018}) 12. Nbxd4 Nxd4 13. cxd4 c6 14. h3 Bxf3 $1 15. Qxf3 Qb6 16. g4 Nf6 $1 17. Red1 Nd7 18. Bc4 Qd8 19. Rac1 Qe7 20. Re1 Rae8 21. Bd3 c5 22. Bb5 cxd4 23. Bd2 $1 Ra8 24. Qa3 Nc5 25. e5 b6 26. exd6 Qxd6 27. Qf3 d3 28. Bg5 $2 {[%mdl 8192]} (28. Rcd1 $15) 28... Bxb2 $2 (28... d2 $19 29. Bxd2 Qxd2) 29. Rcd1 Ne6 30. Be3 Nd4 31. Bxd4 $1 Bxd4 32. Rxd3 Qc5 33. Qf4 Rad8 34. Rc1 Qe5 35. Qf3 Bc5 36. Rcd1 Rxd3 37. Rxd3 Kg7 38. Rd7 Qe6 39. Kg2 h6 40. Qd3 Qf6 41. Qf3 Qxf3+ 42. Kxf3 $11 {[%mdl 4096] Endgame KRB-KRB} Rc8 43. Kg2 Kf6 44. f4 Bb4 45. Rb7 Rc2+ 46. Kf3 Rc3+ 47. Ke4 (47. Kg2 $11) 47... Bc5 $17 ({Much weaker is} 47... Rxh3 $6 48. Be8 $11) 48. h4 Ke6 {[%csl Gc5][%cal Rc3e3]} 49. f5+ Kf6 50. fxg6 fxg6 51. Rh7 Re3+ $1 52. Kd5 {[#]} Re5+ ({Black should play} 52... h5 $1 $17 {[%cal Rh5g4][%mdl 512]} 53. gxh5 Re5+ 54. Kc6 Rxh5 55. Rxh5 gxh5) 53. Kc6 $15 Be3 54. Bd3 Rc5+ 55. Kb7 Rd5 56. Bb5 Rd4 57. Bd7 $1 Rd6 58. Be8 Rd4 59. Rf7+ Ke5 60. Re7+ {[%mdl 64] Discovered Attack} Kf4 61. Bxg6 Rxa4 62. g5 hxg5 63. h5 Bc5 64. Rf7+ ({Better is} 64. Re8 $15 Ra2 65. h6) 64... Ke3 $17 65. h6 $2 (65. Rf5 $17 {only move.}) 65... Rh4 $19 66. h7 g4 67. Rd7 g3 {...g2 is the strong threat.} 68. Rd3+ Kf4 {And now ...g2 would win.} 69. Rc3 (69. Rd5 $142 Rh6 70. Rf5+ Ke3 71. Re5+ Kf2 72. Rf5+ Ke3 73. Re5+ Kf2 74. Rf5+ Kg2 75. Rd5) 69... Bd4 70. Rd3 Bc5 {Strongly threatening ...g2.} 71. Rc3 $1 {[%cal Rc3c4] Hoping for Rc4+.} Rh6 {aiming for ...g2.} 72. Rc4+ Kg5 {White must now prevent ...g2.} 73. Be4 Kf6 74. Rc3 $2 (74. Rc1) 74... Ke5 {Black is clearly winning.} 75. Rc4 Bd4 (75... b5 $142 76. Rxc5+ Kxe4) 76. Rc6 Rh4 77. Bf3 Rxh7+ 78. Ka6 Rf7 {Accuracy: White = 47%, Black = 69%.} 0-1

[Event "RUS-ch Men Rapid 2019"]
[Site "Sochi"]
[Date "2019.10.16"]
[Round "10.11"]
[White "Nozdrachev, Vladislav"]
[Black "Samusenko, Maksim"]
[Result "1-0"]
[WhiteElo "2494"]
[BlackElo "2445"]
[Annotator "ChessBase"]
[PlyCount "103"]
[EventDate "2019.10.15"]
[EventType "swiss"]
[EventCountry "RUS"]
[SourceTitle "playchess.com"]
[Source "ChessBase"]
[SourceQuality "1"]
[TimeControl "900+10"]

1. e4 {[%emt 0:00:00]} d5 {[%emt 0:00:00]} 2. exd5 {[%emt 0:00:00]} Nf6 {[%emt 0:00:00]} 3. d4 {[%emt 0:00:00]} Bg4 {[%emt 0:00:00]} 4. Bb5+ {[%emt 0:00:04]} Nbd7 {[%emt 0:00:01]} 5. Be2 {[%emt 0:00:02]} Bxe2 {[%emt 0:00:11]} 6. Qxe2 {[%emt 0:00:02]} Nxd5 {[%emt 0:00:10]} 7. c4 {[%emt 0:00:06]} N5f6 {[%emt 0:00:09]} 8. Nf3 {[%emt 0:00:01]} c6 {[%emt 0:00:42]} 9. O-O {[%emt 0:00:05]} e6 {[%emt 0:03:33]} 10. Nc3 {[%emt 0:00:02]} Qa5 {[%emt 0:01:26]} 11. d5 cxd5 {[%emt 0:01:19]} 12. cxd5 {[%emt 0:01:34]} Nxd5 {[%emt 0:00:32]} 13. Nxd5 {[%emt 0:00:03]} Qxd5 {[%emt 0:00:01]} 14. Rd1 {[%emt 0:00:01]} Qa5 {[%emt 0:00:28]} 15. Bg5 {[%emt 0:02:06]} Be7 {[%emt 0:02:47]} 16. Bxe7 {[%emt 0:00:50]} Kxe7 {[%emt 0:00:02]} 17. Qd3 {[%emt 0:00:01]} Rhd8 {[%emt 0:03:05]} 18. Qxh7 {[%emt 0:00:05]} g6 {[%emt 0:00:04]} 19. Qg7 {[%emt 0:03:31]} Qf5 {[%emt 0:00:31]} 20. Qc3 {[%emt 0:00:32]} Rac8 {[%emt 0:01:24]} 21. Qb4+ {[%emt 0:00:26]} Nc5 {[%emt 0:00:06]} 22. Re1 {[%emt 0:00:19]} b6 {[%emt 0:00:14]} 23. Qa3 {[%emt 0:00:33]} Rc7 {[%emt 0:00:16]} 24. Ne5 {[%emt 0:00:54]} Kf8 {[%emt 0:00:22]} 25. Qc3 {[%emt 0:00:23]} Rcc8 {[%emt 0:00:14]} 26. Rad1 {[%emt 0:01:30]} Kg8 {[%emt 0:00:14]} 27. Nc6 {[%emt 0:01:23]} Re8 {[%emt 0:00:17]} 28. Nxa7 {[%emt 0:00:09]} Ra8 {[%emt 0:00:23]} 29. Nc6 {[%emt 0:00:19]} Rac8 {[%emt 0:00:41]} 30. Nd4 {[%emt 0:00:10]} Qf6 {[%emt 0:00:06]} 31. Nb5 {[%emt 0:00:19]} Qxc3 {[%emt 0:00:08]} 32. Nxc3 {[%emt 0:00:04]} Red8 {[%emt 0:00:12]} 33. Kf1 {[%emt 0:00:11]} Kf8 {[%emt 0:00:02]} 34. Rxd8+ {[%emt 0:00:06]} Rxd8 {[%emt 0:00:01]} 35. Rd1 {[%emt 0:00:01]} Rb8 {[%emt 0:00:23]} 36. Nb5 {[%emt 0:00:05]} Ke7 {[%emt 0:00:06]} 37. Ke2 {[%emt 0:00:06]} g5 {[%emt 0:00:03]} 38. a3 {[%emt 0:00:07]} g4 {[%emt 0:00:05]} 39. b4 {[%emt 0:00:50]} Nd7 {[%emt 0:00:12]} 40. a4 {[%emt 0:00:22]} Ra8 {[%emt 0:00:13]} 41. Ra1 {[%emt 0:00:01]} Nf6 {[%emt 0:00:22]} 42. a5 {[%emt 0:00:05]} Ra6 {[%emt 0:00:24]} 43. Nc7 {[%emt 0:00:13]} Ra7 {[%emt 0:00:03]} 44. a6 {[%emt 0:00:07]} Kd7 {[%emt 0:00:19]} 45. Nb5 {[%emt 0:00:03]} Ra8 {[%emt 0:00:01]} 46. Kd3 {[%emt 0:00:20]} Nd5 {[%emt 0:00:07]} 47. Kc4 {[%emt 0:00:04]} Rc8+ {[%emt 0:00:17]} 48. Kb3 {[%emt 0:00:02]} Ra8 {[%emt 0:00:19]} 49. Nc3 {[%emt 0:00:10]} Kc6 {[%emt 0:00:18]} 50. Nxd5 {[%emt 0:00:14]} exd5 {[%emt 0:00:03]} 51. a7 {[%emt 0:00:04]} Kb7 {[%emt 0:00:12]} 52. h4 {[%emt 0:00:01]} 1-0

[Event "RUS-ch Men Rapid 2019"]
[Site "Sochi"]
[Date "2019.10.16"]
[Round "10.12"]
[White "Papin, Vasily"]
[Black "Zakaryan, David"]
[Result "0-1"]
[WhiteElo "2481"]
[BlackElo "2338"]
[Annotator "ChessBase"]
[PlyCount "118"]
[EventDate "2019.10.15"]
[EventType "swiss"]
[EventCountry "RUS"]
[SourceTitle "playchess.com"]
[Source "ChessBase"]
[SourceQuality "1"]
[TimeControl "900+10"]

1. Nf3 {[%emt 0:00:00]} Nf6 {[%emt 0:00:00]} 2. c4 {[%emt 0:00:00]} e6 {[%emt 0:00:01]} 3. Nc3 {[%emt 0:00:02]} d5 {[%emt 0:00:03]} 4. e3 {[%emt 0:00:03]} a6 {[%emt 0:00:01]} 5. b3 {[%emt 0:00:35]} b6 {[%emt 0:00:05]} 6. Bb2 {[%emt 0:00:13]} Bb7 {[%emt 0:00:02]} 7. Be2 {[%emt 0:00:52]} Nbd7 {[%emt 0:00:05]} 8. O-O {[%emt 0:00:42]} Bd6 {[%emt 0:00:03]} 9. cxd5 {[%emt 0:00:16]} exd5 {[%emt 0:00:04]} 10. d4 {[%emt 0:00:49]} Qe7 {[%emt 0:00:03]} 11. Re1 {[%emt 0:00:02]} O-O {[%emt 0:00:02]} 12. Bf1 {[%emt 0:00:01]} Ne4 {[%emt 0:00:01]} 13. g3 {[%emt 0:01:14]} f5 {[%emt 0:00:31]} 14. Bg2 {[%emt 0:00:21]} Rae8 {[%emt 0:00:08]} 15. Rc1 {[%emt 0:00:14]} g5 {[%emt 0:00:25]} 16. Qc2 {[%emt 0:00:48]} Qg7 {[%emt 0:00:26]} 17. Nd2 {[%emt 0:02:13]} h5 {[%emt 0:00:56]} 18. f3 {[%emt 0:01:38]} Nxd2 {[%emt 0:00:23]} 19. Qxd2 {[%emt 0:00:01]} Nf6 {[%emt 0:00:20]} 20. Kh1 {[%emt 0:02:31]} Re7 {[%emt 0:02:21]} 21. Bh3 {[%emt 0:01:53]} g4 {[%emt 0:00:20]} 22. Bg2 {[%emt 0:00:02]} Qh6 {[%emt 0:00:34]} 23. f4 {[%emt 0:00:25]} h4 {[%emt 0:00:05]} 24. Kg1 {[%emt 0:00:01]} Rfe8 {[%emt 0:01:13]} 25. Qf2 {[%emt 0:01:00]} Rh7 {[%emt 0:00:14]} 26. gxh4 {[%emt 0:00:18]} Qg6 {[%emt 0:00:24]} 27. Ne2 {[%emt 0:00:39]} Kg7 {[%emt 0:00:31]} 28. Ng3 {[%emt 0:00:02]} Reh8 {[%emt 0:00:04]} 29. Rc3 {[%emt 0:00:31]} Rxh4 {[%emt 0:00:07]} 30. Rec1 {[%emt 0:01:07]} Ne8 {[%emt 0:00:30]} 31. R1c2 {[%emt 0:01:21]} R8h7 {[%emt 0:00:08]} 32. Rc1 {[%emt 0:00:05]} Qe6 {[%emt 0:00:04]} 33. Qc2 {[%emt 0:00:02]} Kg6 {[%emt 0:00:15]} 34. Bf1 {[%emt 0:00:09]} Rxh2 {[%emt 0:00:23]} 35. Qxh2 {[%emt 0:00:17]} Rxh2 {[%emt 0:00:01]} 36. Kxh2 {[%emt 0:00:01]} Bb4 {[%emt 0:00:33]} 37. Rd3 {[%emt 0:00:25]} Qe7 {[%emt 0:00:52]} 38. Kg2 {[%emt 0:00:08]} Qh4 {[%emt 0:01:02]} 39. Bc3 {[%emt 0:00:14]} Ba3 {[%emt 0:03:56]} 40. Rc2 {[%emt 0:00:01]} c5 {[%emt 0:00:23]} 41. Be1 {[%emt 0:00:08]} c4 {[%emt 0:00:05]} 42. Rd1 {[%emt 0:00:23]} Qh7 {[%emt 0:00:56]} 43. Kg1 {[%emt 0:00:09]} Qe7 {[%emt 0:00:09]} 44. Bf2 {[%emt 0:00:09]} b5 {[%emt 0:00:04]} 45. Bg2 {[%emt 0:00:11]} Nd6 {[%emt 0:00:12]} 46. bxc4 {[%emt 0:00:06]} dxc4 {[%emt 0:01:50]} 47. d5 {[%emt 0:00:04]} Bc5 {[%emt 0:00:02]} 48. Re2 {[%emt 0:00:05]} Ne4 {[%emt 0:00:21]} 49. Bxe4 {[%emt 0:00:26]} fxe4 {[%emt 0:00:01]} 50. d6 {[%emt 0:00:11]} Qd7 {[%emt 0:00:21]} 51. Red2 {[%emt 0:00:09]} c3 {[%emt 0:00:03]} 52. Rc2 {[%emt 0:00:01]} b4 {[%emt 0:00:01]} 53. Kg2 {[%emt 0:00:03]} Bc6 {[%emt 0:00:06]} 54. Rcc1 {[%emt 0:00:02]} a5 {[%emt 0:00:10]} 55. Ne2 {[%emt 0:00:04]} g3 {[%emt 0:00:31]} 56. Kxg3 {[%emt 0:00:10]} Qe6 {[%emt 0:00:23]} 57. Nxc3 {[%emt 0:00:08]} bxc3 {[%emt 0:00:12]} 58. Rxc3 {[%emt 0:00:00]} Bd7 {[%emt 0:00:02]} 59. Rg1 {[%emt 0:00:47]} Qh3# {[%emt 0:00:03]} 0-1

[Event "RUS-ch Men Rapid 2019"]
[Site "Sochi"]
[Date "2019.10.16"]
[Round "10.13"]
[White "Tsydypov, Zhamsaran"]
[Black "Ulybin, Mikhail"]
[Result "0-1"]
[WhiteElo "2553"]
[BlackElo "2455"]
[Annotator "ChessBase"]
[PlyCount "82"]
[EventDate "2019.10.15"]
[EventType "swiss"]
[EventCountry "RUS"]
[SourceTitle "playchess.com"]
[Source "ChessBase"]
[SourceQuality "1"]
[TimeControl "900+10"]

1. Nf3 {[%emt 0:00:00]} Nf6 {[%emt 0:00:00]} 2. c4 {[%emt 0:00:00]} c5 {[%emt 0:00:04]} 3. b3 {[%emt 0:00:03]} b6 {[%emt 0:00:29]} 4. Bb2 {[%emt 0:00:10]} Bb7 {[%emt 0:00:04]} 5. e3 {[%emt 0:00:06]} g6 {[%emt 0:00:47]} 6. Be2 {[%emt 0:00:08]} Bg7 {[%emt 0:00:05]} 7. O-O {[%emt 0:00:03]} O-O {[%emt 0:00:07]} 8. d4 {[%emt 0:00:02]} cxd4 {[%emt 0:00:58]} 9. Nxd4 {[%emt 0:00:07]} Nc6 {[%emt 0:00:29]} 10. Bf3 {[%emt 0:00:05]} Na5 {[%emt 0:01:53]} 11. Nc3 {[%emt 0:01:13]} d5 {[%emt 0:00:52]} 12. Ba3 {[%emt 0:00:26]} Re8 {[%emt 0:03:54]} 13. Rc1 {[%emt 0:00:21]} dxc4 {[%emt 0:01:19]} 14. b4 {[%emt 0:00:36]} Bxf3 {[%emt 0:02:00]} 15. Qxf3 {[%emt 0:00:03]} e5 {[%emt 0:00:04]} 16. Ndb5 {[%emt 0:00:04]} e4 {[%emt 0:00:23]} 17. Qe2 {[%emt 0:00:34]} Nc6 {[%emt 0:01:27]} 18. Rfd1 {[%emt 0:00:30]} Qb8 {[%emt 0:00:16]} 19. Nd6 {[%emt 0:00:47]} Re6 {[%emt 0:00:13]} 20. b5 {[%emt 0:00:07]} Ne5 {[%emt 0:00:41]} 21. Ncxe4 {[%emt 0:00:17]} Nxe4 {[%emt 0:00:21]} 22. Nxe4 {[%emt 0:00:02]} a6 {[%emt 0:00:46]} 23. Ng5 {[%emt 0:02:21]} Re8 {[%emt 0:00:34]} 24. Bd6 {[%emt 0:00:07]} Qb7 {[%emt 0:00:11]} 25. f4 {[%emt 0:00:15]} Nd3 {[%emt 0:00:48]} 26. Rxc4 {[%emt 0:00:04]} Nc5 {[%emt 0:00:14]} 27. Rc2 {[%emt 0:03:04]} h6 {[%emt 0:00:14]} 28. Nf3 {[%emt 0:00:06]} Qe4 {[%emt 0:00:08]} 29. Be5 {[%emt 0:00:11]} axb5 {[%emt 0:00:11]} 30. Rd4 {[%emt 0:00:06]} Qf5 {[%emt 0:00:08]} 31. e4 {[%emt 0:00:05]} Bxe5 {[%emt 0:00:08]} 32. fxe5 {[%emt 0:00:12]} Qg4 {[%emt 0:00:09]} 33. Qxb5 {[%emt 0:00:05]} Ne6 {[%emt 0:00:06]} 34. Rb4 {[%emt 0:01:21]} Red8 {[%emt 0:00:09]} 35. Qf1 {[%emt 0:00:12]} Ra3 {[%emt 0:00:15]} 36. h3 {[%emt 0:00:30]} Qg3 {[%emt 0:00:06]} 37. Rb3 {[%emt 0:01:34]} Rxb3 {[%emt 0:00:15]} 38. axb3 {[%emt 0:00:01]} Nf4 {[%emt 0:00:07]} 39. Kh1 {[%emt 0:00:02]} Rd3 {[%emt 0:00:15]} 40. Rc8+ {[%emt 0:00:25]} Kg7 {[%emt 0:00:08]} 41. e6 {[%emt 0:00:05]} Rd1 {[%emt 0:00:05]} 0-1